SİS NASIL OLSA DAĞILIR (Record no. 1156445)
[ view plain ]
| 000 -LEADER | |
|---|---|
| sabit uzunluktaki kontrol alanı | 00249nam a2200097Ia 4500 |
| 001 - KONTROL NUMARASI | |
| kontrol alanı | 1156445 |
| 005 - EN SON İŞLEMİN TARİH VE ZAMANI | |
| kontrol alanı | 20250827011223.0 |
| 008 - SABİT-UZUNLUKTA VERİ ÖĞELERİ--GENEL BİLGİ | |
| sabit uzunluktaki kontrol alanı | 250824s9999 xx 000 0 und d |
| 245 #0 - ESER / YAZAR | |
| ESER ADI | SİS NASIL OLSA DAĞILIR |
| Yazar Adı | AHMET MELİH KARAUĞUZ |
| 260 ## - YAYIN, DAĞITIM, VB. | |
| YAYIN EVİ | KETEBE |
| Düşüm durumu | Kayıp durumu | Hasar Durumu | Ödünç verilmez | Ana kütüphane | Geçerli Kütüphane | Edinilen tarih | Toplam ödünç verme sayısı | Barkod | Son görüntüleme tarihi | Fiyatın geçerli olmaya başladığı tarih | Koha materyal türü |
|---|---|---|---|---|---|---|---|---|---|---|---|
| YUKARI PINARBAŞI İLK VE ORTAOKULU | YUKARI PINARBAŞI İLK VE ORTAOKULU | 24.08.2025 | 10694848 | 27.08.2025 | 27.08.2025 | Books |